Modelovanie exportu vo vybraných krajinách bakalárska práca

Guardado en:
Detalles Bibliográficos
Autor principal: Frolo, Ján
Autor Corporativo: Fakulta hospodárskej informatiky EU. Katedra operačného výskumu a ekonometrie
Otros Autores: Chocholatá, Michaela, 1977-
Formato: Libro
Lenguaje:eslovaco
Publicado: Bratislava 2012
Etiquetas: Agregar Etiqueta
Sin Etiquetas, Sea el primero en etiquetar este registro!

MARC

LEADER 00000nbm a2200000 4500
001 0159208
005 20161109112009.4
041 0 |a slo 
044 |a SK 
245 1 0 |a Modelovanie exportu vo vybraných krajinách  |b bakalárska práca  |c Ján Frolo ; školiteľ: Michaela Chocholatá 
264 1 |a Bratislava  |c 2012 
300 |a 43 s. 
100 1 |a Frolo, Ján 
700 1 |a Chocholatá, Michaela, 1977- 
710 2 |a Fakulta hospodárskej informatiky EU. Katedra operačného výskumu a ekonometrie